Statistics for Lord of the Rings - Name to Name

Click here to take the quiz!

General Stats

  • This quiz has been taken 2,238 times
    (111 since last reset)
  • The average score is 32 of 49

Answer Stats

Hint Answer % Correct
Of course, we begin with the protagonist of the LOTR-series.Frodo Baggins
100%
Whose gardener and companion on his journeys isSamwise Gamgee
100%
Who forged theOne Ring of Power
83%
And the new wielder of this sword isAragorn II
82%
The best friend ofPeregrin Took
81%
Who is later revealed to be the Dark LordSauron
80%
Whose eldest son isBoromir
79%
And the Lady isGaladriel
79%
Who gifts a strand of her hair toGimli
79%
The best friend ofLegolas
79%
Whose more common name isTreebeard
77%
Who, after his journey, got married toRosie Cotton
77%
Where they escape and meet Fangorn, anEnt
76%
With help ofMeriadoc Brandybuck
76%
The Capital ofGondor
75%
Who, with the sword, commands an army ofGhosts
73%
Where it is later found in Osgiliath byFaramir
73%
Who leads the battle in Isengard againstSaruman
71%
Who, together with Merry, is captured byUruk-Hai
71%
At the gates of the city ofMinas Tirith
70%
Which was cut from his hand byIsildur
70%
The Lord of this forest isCeleborn the Wise
69%
Who take them into the forest ofFangorn
68%
Where, on the morning of the 5th day, from the east comes on ShadowfaxGandalf
68%
Who, in the Battle of the Pelennor Fields, slaysThe Witch-King of Angmar
68%
Who marriesEowyn
67%
Who bewitchesTheoden
64%
In the Mines ofMoria
64%
Uncle ofFrodo Baggins
64%
With the hobbit-burglarBilbo Baggins
63%
After a beautiful flower that grows in the forest ofLothlorien
63%
Where dwelt theNecromancer
60%
Whose steward, before the battle, isDenethor II
58%
Whose closest servant isGrima Wormtongue
58%
Who is king of the northern realm ofMirkwood
57%
Who cheats death after fighting a demon of Morgoth called aBalrog
57%
Who fights against Sarumans Uruk-Hai in the battle ofHelms Deep
55%
The son ofThranduil
52%
Where the Fellowship of the Ring finds the tomb ofBalin
52%
One of the 13 companions ofThorin Oakenshield
50%
Whose Elvish name isMithrandir
46%
Who went on a quest to reclaimThe Lonely Mountain
45%
Who, at least in the movies, help in the battle of thePelennor Fields
44%
Where in the south stands the abandoned fortress ofDol Guldur
42%
With the swordNarsil
40%
Which was broken, reforged and renamed ........Anduril
38%
Her first daughter was namedElanor
36%
Whose funeral boat goes over the falls ofRauros
33%
In the Siege ofBarad-dûr
30%

Score Distribution

Percentile by Number Answered

Percent of People with Each Score

Your Score History

You have not taken this quiz since the last reset